Planning bill (Record no. 72183)

MARC details
000 -LEADER
fixed length control field 01696cam a2200301 4500
001 - CONTROL NUMBER
control field ABS66463
008 - FIXED-LENGTH DATA ELEMENTS--GENERAL INFORMATION
fixed length control field 030228n2003 000 0 eng u
035 ## - SYSTEM CONTROL NUMBER
System control number (Sirsi) u121465
100 ## - MAIN ENTRY--PERSONAL NAME
Personal name Edwards, M.
245 ## - TITLE STATEMENT
Title Planning bill
260 ## - PUBLICATION, DISTRIBUTION, ETC.
Date of publication, distribution, etc. 2003
490 ## - SERIES STATEMENT
Series statement Estates Gazette
Volume/sequential designation (0304) 25 January 2003, 146-148(3)
490 ## - SERIES STATEMENT
Series statement Estates Gazette
Volume/sequential designation (0305) 1 February 2003, 140-142(3)
490 ## - SERIES STATEMENT
Series statement Estates Gazette
Volume/sequential designation (0307) 15 February 2003, 132-139(3)
520 ## - SUMMARY, ETC.
Summary, etc. Three articles focusing on different elements of the Planning and Compulsory Purchase Bill. "Planning life in the slow lane" examines the bill's proposals for the development plan preparation system. This will involve regional spatial strategy and development plan documents for England with the exception of Greater London where the mayor's spatial development strategy and development plan documents will be used. "Ups and downs of the planning reforms" discusses proposed changes to the system of development control and highlights the likely impact on developers. "Tense relationship" considers proposals relating to compulsory purchase and compensation, which will increase the powers of acquiring local authorities but lessen the ability of landowners to object to compulsory purchase orders.
590 ## - LOCAL NOTE (RLIN)
Local note ABS
650 ## - SUBJECT ADDED ENTRY--TOPICAL TERM
Topical term or geographic name entry element Compulsory purchase
9 (RLIN) 6228
650 ## - SUBJECT ADDED ENTRY--TOPICAL TERM
Topical term or geographic name entry element COMPENSATION
650 ## - SUBJECT ADDED ENTRY--TOPICAL TERM
Topical term or geographic name entry element PLANNING REFORM
650 ## - SUBJECT ADDED ENTRY--TOPICAL TERM
Topical term or geographic name entry element PLANNING AND COMPULSORY PURCHASE ACT 2004
650 ## - SUBJECT ADDED ENTRY--TOPICAL TERM
Topical term or geographic name entry element REGIONAL SPATIAL STRATEGIES
650 ## - SUBJECT ADDED ENTRY--TOPICAL TERM
Topical term or geographic name entry element REGIONAL PLANNING
650 ## - SUBJECT ADDED ENTRY--TOPICAL TERM
Topical term or geographic name entry element LOCAL DEVELOPMENT PLANS
650 ## - SUBJECT ADDED ENTRY--TOPICAL TERM
Topical term or geographic name entry element LOCAL DEVELOPMENT DOCUMENTS
650 ## - SUBJECT ADDED ENTRY--TOPICAL TERM
Topical term or geographic name entry element DEVELOPMENT CONTROL
690 ## - LOCAL SUBJECT ADDED ENTRY--TOPICAL TERM (OCLC, RLIN)
Topical term or geographic name as entry element PLANNING-PLANNING LAW
942 ## - ADDED ENTRY ELEMENTS (KOHA)
Suppress in OPAC 0
Holdings
Withdrawn status Lost status Source of classification or shelving scheme Damaged status Not for loan Home library Current library Shelving location Date acquired Total Checkouts Full call number Barcode Date last seen Copy number Price effective from Koha item type
    Dewey Decimal Classification     London London Journal article 28/02/2003   ABS66463 121465-1001 06/08/2019 1 06/08/2019 Journal article